[Event "Maribor Pirc Memorial"]
[Site "Maribor"]
[Date "1993.??.??"]
[Round "?"]
[White "Kozul, Zdenko"]
[Black "Cebalo, Miso"]
[Result "1/2-1/2"]
[WhiteElo "2550"]
[BlackElo "2485"]
[Annotator "Wahls,M"]
[PlyCount "99"]
[EventDate "1993.02.??"]
[EventType "tourn"]
[EventRounds "9"]
[EventCountry "SLO"]
[EventCategory "8"]
[SourceTitle "CBM 036"]
[Source "ChessBase"]
[SourceDate "1993.10.01"]
[SourceVersion "1"]
[SourceVersionDate "1993.10.01"]
[SourceQuality "1"]

1. d4 {Dautov} Nf6 2. Nf3 e6 3. c4 Bb4+ 4. Nbd2 b6 5. a3 Bxd2+ 6. Bxd2 (6. Qxd2
) 6... Bb7 (6... d6 7. Bg5 Nbd7 8. e3 h6 9. Bh4 g5 10. Bg3 Ne4 11. d5 e5 12.
Bd3 Ndf6 13. Qc2 Nc5 14. Be2 a5 15. Nd2 Qe7 $2 (15... a4 16. f4 $14) 16. b3 {
/\Tc1,b4+/- Epishin-Kuzmin,G,Moscow 1992}) 7. Bg5 (7. Bf4 d6 8. e3 Nbd7 9. Be2
Qe7 10. h3 Ne4 11. Bh2 (11. Rc1) 11... f5 (11... a5 $1 {/\a4}) 12. Rc1 a5 13.
b3 O-O 14. O-O e5 15. c5 $1 $14 {Halifman-Arkell,London 1991}) 7... d6 8. e3
Nbd7 9. Bh4 h6 (9... O-O {Dautov} 10. Bd3 c5 11. O-O cxd4 12. exd4 $14) 10. Be2
(10. Nd2) (10. Qc2 Qe7 11. Rd1 g5 12. Bg3 Ne4 13. d5 (13. Bd3) 13... Ndf6 14.
Nd4 h5 15. f3 h4 16. Bf2 Nxf2 17. Kxf2 g4 $15 {Aseev-Kengis,Daugavpils 1988}) (
10. Bd3 g5 11. Bg3 h5 (11... Ne4 12. O-O Nxg3 13. fxg3 $1 Qe7 14. b4 c5 15. Nd2
h5 16. Be4 Bxe4 17. Nxe4 f5 18. dxc5 $1 fxe4 19. cxd6 Qg7 20. Qa4 $16 {
Psakhis-Vyzmanavin,SSSR 1984}) (11... Qe7 12. Qc2 h5 13. h3 (13. h4 g4 14. Nd2
Bxg2 15. Rg1 Bb7 16. b4 c5 17. Qb2 $44 {Ree-Hort,Amsterdam 1983}) 13... h4 14.
Bh2 g4 (14... Rg8 $5) 15. hxg4 h3 16. Bg1 Nxg4 17. Be4 d5 18. cxd5 f5 19. Bd3
Bxd5 20. Qxc7 $16 {Nikolic,P-Seirawan,Wijk aan Zee 1986}) 12. h3 Rg8 (12... Ne4
13. Qc2 f5 14. O-O-O Qf6 15. Kb1 O-O-O 16. h4 g4 17. Ng5 $13 {Lputjan-Lukov,
Erevan 1984}) 13. Qe2 Qe7 14. e4 h4 15. Bh2 Nh5 16. Nxh4 $6 gxh4 17. Qxh5 Qf6
$1 18. e5 dxe5 19. dxe5 Qe7 20. Bf1 O-O-O 21. O-O-O Nc5 $17 {Hjartason}) (10.
Rc1 Qe7 (10... g5 $6 11. Bg3 h5 12. h4 g4 13. Ng5 $16) 11. b4 O-O 12. Be2 a5 $1
13. O-O (13. b5 $6 g5 14. Bg3 Ne4 {/\f5}) 13... axb4 14. axb4 Ra3 $13 15. d5 (
15. c5 bxc5 16. bxc5 dxc5 $13 (16... Bd5)) 15... Rfa8 16. Nd4 Ne5 17. Bxf6 $2
Qxf6 18. Nb5 Ra2 19. Nxc7 Rc8 20. Nb5 exd5 $15 {Gofshtein-Maksimovic,B
Iraklion 1992}) 10... Qe7 (10... g5 11. Bg3 h5 12. h4 g4 13. Ng5 Bxg2 14. Rg1
Bb7 15. f3 Qe7 {Novak-Makarychev,Frunze 1985} 16. Qa4 $13) 11. O-O (11. Nd2 e5
12. d5 g5 13. Bg3 Nc5 14. Qc2 a5 15. h4 Rg8 16. hxg5 hxg5 17. Rh6 Kf8 18. O-O-O
b5 $13 {Hjartason-Arnason,Reykjavik 1988} (18... b5 {Dautov} 19. Qf5 Ne8 20.
cxb5 Bxd5 21. Bc4 Bxc4 22. Nxc4 Qd7 23. Qxd7 Nxd7 24. a4 $13 {
Hjartarson-Arnason/Akureyri/1988})) (11. b4 $5 {Dautov} g5 12. Bg3 Ne4 13. Qc2
Nxg3 $6 14. hxg3 c5 15. Qa4 $1 g4 $6 16. Nh4 h5 17. Rd1 cxd4 18. Rxd4 a5 19.
Qd1 $1 axb4 20. axb4 $16 {Tal-Soffer/Tel Aviv/1990}) 11... g5 12. Bg3 h5 13. h4
Ne4 (13... gxh4 {Dautov} 14. Bxh4 Rg8 15. Ne1 $5 $14) 14. Nxg5 (14. hxg5 Nxg3
15. fxg3 O-O-O $13 {Ionescu} (15... O-O-O {Dautov} 16. b4 e5 $132 {><g5,g3,e3})
) 14... Nxg5 15. hxg5 h4 16. Bh2 (16. Bf4 $6 {Dautov} e5 17. Bh2 Qxg5 18. d5 (
18. Bf3 e4 19. Bg4 Nf6 $5 (19... f5 20. Bh3 O-O-O $13) 20. Bh3 Bc8 $40) 18...
Rg8 19. Bf3 f5 $40) 16... Qxg5 17. Bf3 Bxf3 (17... O-O-O $5 {Dautov} 18. Bxb7+
Kxb7 19. Qf3+ Kb8 20. a4 (20. Qxf7 $2 Nf6 21. Qxe6 (21. f4 Qf5 $17) 21... h3
22. Bg3 Rde8 23. Qf7 Rh7 $19) 20... Rdg8 (20... h3 21. a5 hxg2 22. Qxg2 Qxg2+
23. Kxg2 Rdg8+ 24. Bg3 Nf6 25. axb6 axb6 $10) 21. a5 Qg4 22. Qxg4 Rxg4 23. axb6
axb6 24. f3 Rg6 $10) 18. Qxf3 Ke7 19. c5 (19. b4 {Dautov >=} Rag8 20. c5 h3 21.
cxd6+ cxd6 22. Bg3 $10 {/\Rac1}) 19... bxc5 20. dxc5 Nxc5 21. Rac1 Rac8 22.
Rfd1 (22. b4 {Dautov} Nd7 23. Rfd1 e5 $17) 22... e5 23. Qh3 (23. b4 {Dautov}
Ne6 $17) 23... Qh5 (23... Rcg8 $6 {Dautov /\Qg4} 24. Rxc5 dxc5 25. Rd7+ Kf8 26.
Rxc7 $13) (23... f5 $2 {Dautov} 24. Bxe5 $16) 24. f4 e4 25. f5 Kf6 (25... Rhg8
{Dautov} 26. Rd5 $5 Qg4 27. Qxg4 Rxg4 28. b4 Nb7 29. Rb5 Nd8 30. Kf1 $44) (
25... Nd3 $1 {Dautov} 26. f6+ (26. Bxd6+ $2 Kxd6 $19 (26... cxd6 $2 27. f6+
Kxf6 28. Rf1+ Kg7 29. Rxc8 $10)) 26... Kxf6 (26... Kd8 $2 27. Bxd6 $1) 27. Rf1+
Ke7 (27... Kg7 28. Rc6 $44) 28. Rc6 (28. Rf5 Qg6 29. Rcf1 Rcf8 $17) 28... Ne5
29. Bxe5 Qxe5 30. Rf4 Qe6 31. Qxe6+ (31. Rxh4 Qxh3 32. Rxh3 Rxh3 33. gxh3 a5 $1
$17) 31... fxe6 32. Rxe4 h3 $17 (32... a5 $5 $17)) 26. Rf1 Nb3 27. Rc6 Nd2 28.
Bxd6 Nf3+ (28... cxd6 {Dautov} 29. Rxd6+ Kg7 30. f6+ Kg6 31. Rxd2 $16) (28...
Nxf1 {Dautov} 29. Bf8+ Ke5 30. Rc5+ Kf6 31. Be7+ Kxe7 32. f6+ Kxf6 33. Rxh5
Rxh5 34. Qxc8 Ng3 35. Qxc7 Rf5 36. Kh2 $16) 29. Rxf3 (29. gxf3 {Dautov} cxd6
30. Rxd6+ Ke7 $13) 29... cxd6 (29... exf3 $2 {Dautov} 30. Bf8+ Ke5 31. Qh2+ $18
) 30. Rxd6+ Ke7 31. Rd5 exf3 32. f6+ Kxf6 33. Rxh5 Rc1+ 34. Kh2 Rxh5 35. Qxf3+
Kg6 (35... Rf5 {Dautov} 36. Qg4 $16) 36. Qe4+ Kh6 37. Qf4+ (37. Qd4 {Dautov}
Kg6 38. Qxa7 Rc2 39. Qb6+ Kh7 40. Qd4 $16) 37... Kg6 38. e4 (38. Qe4+ {Dautov}
Kh6 39. Qd4 $16) 38... Rcc5 39. b4 Rce5 40. a4 f6 41. b5 Rh7 42. Qg4+ Rg5 43.
Qc8 Re7 44. Qg8+ Rg7 45. Qc4 Re5 46. a5 Rb7 47. Qg8+ Kh6 48. Qh8+ (48. a6 {
Dautov} Rbxb5 49. Qf7 Rb6 50. Qxa7 Ree6 $10) 48... Kg6 49. Qg8+ Kh6 50. Qh8+
1/2-1/2

[Event "FIDE-Wch k.o."]
[Site "New Delhi/Teheran"]
[Date "2000.12.01"]
[Round "2.2"]
[White "Leitao, Rafael Duailibe"]
[Black "Benjamin, Joel"]
[Result "1-0"]
[WhiteElo "2567"]
[BlackElo "2577"]
[Annotator "Wells,P"]
[PlyCount "193"]
[EventDate "2000.11.27"]
[EventType "k.o."]
[EventRounds "7"]
[EventCountry "IND"]
[SourceTitle "CBM 081"]
[Source "ChessBase"]
[SourceDate "2001.03.20"]
[SourceVersion "1"]
[SourceVersionDate "2001.03.20"]
[SourceQuality "1"]

1. d4 Nf6 2. c4 e6 3. Nf3 Bb4+ 4. Nbd2 d6 5. a3 Bxd2+ 6. Qxd2 Nbd7 7. e3 e5 8.
dxe5 dxe5 9. b4 Qe7 (9... e4 $5 {would weaken black on the dark squares, risky
in the face of white's 'uncontested bishop', but would at least hold out the
promise of some squares for black's knights.}) 10. Qc3 b6 11. Bb2 {[%csl Re5]
Somehow the combination of black's 'light-square' strategy and the pawn on e5
leaves me suspicious. Already black's next move is forced due to the e-pawn's
vulnerability, and it is this that leads directly to white's oppotunity to
break the position open two moves later.} Ne4 12. Qc2 Bb7 13. c5 $1 {[%mdl
2048] A fine tactical possibility to open the position for the bishop pair in
classic textbook style. Black's problem - the simultaneous vulnerability of
his chunks on e4 and e5.} bxc5 14. Bb5 O-O 15. O-O $1 {[%csl Re4,Re5]} Ng5 16.
Nxg5 Qxg5 17. f4 $1 Qe7 18. bxc5 Qxc5 19. Qxc5 Nxc5 20. Rac1 c6 21. Bxc6 Bxc6
22. Rxc5 Rfc8 23. Rfc1 Bb7 24. Rc7 Rxc7 25. Rxc7 Be4 26. Bxe5 $16 {with
excellent winning chances in the ending.} a6 27. Kf2 Rd8 28. Bd4 h6 29. g4 Rb8
30. Re7 Bc6 31. Ra7 Ra8 32. Rc7 Be4 33. h4 Re8 34. h5 Bd5 35. g5 hxg5 36. fxg5
Be6 37. g6 Ra8 38. Kg3 Ba2 39. Kf4 Be6 40. Kg5 Rd8 41. Ra7 Bc4 42. h6 gxh6+ 43.
Kxh6 Rc8 44. gxf7+ Bxf7 45. Rxa6 Bd5 46. Ra5 Rc6+ 47. Kg5 Bc4 48. Ra7 Bd3 49.
Rb7 Kf8 50. Kf4 Re6 51. Rc7 Ke8 52. a4 Ra6 53. Rc3 Be2 54. Ra3 Kd7 55. a5 Re6
56. Rb3 Ba6 57. Bb6 Rf6+ 58. Ke5 Re6+ 59. Kf5 Bc4 60. Ra3 Ba6 61. Ra1 Bd3+ 62.
Kf4 Re4+ 63. Kf3 Re6 64. Bd4 Ba6 65. Rb1 Kc7 66. Kf4 Kd7 67. Rb2 Rc6 68. Rb8
Rc8 69. Rb6 Rc6 70. Rb2 Re6 71. e4 Bd3 72. e5 Ba6 73. Ke4 Rc6 74. Rh2 Bc4 75.
Bb6 Ke6 76. Kd4 Bb5 77. Bc5 Ba6 78. Rh7 Bb5 79. Re7+ Kf5 80. Kd5 Ra6 81. Bb6
Ra8 82. Rf7+ Kg6 83. Rf2 Rc8 84. e6 Rc1 85. e7 Be8 86. a6 Bf7+ 87. Kd6 Rd1+ 88.
Kc7 Rc1+ 89. Kb8 Rb1 90. Kb7 Re1 91. Bc5 Rb1+ 92. Kc6 Be8+ 93. Kc7 Rc1 94. a7
Rxc5+ 95. Kd8 Ra5 96. Kxe8 Rxa7 97. Kf8 1-0

[Event "Corus"]
[Site "Wijk aan Zee"]
[Date "2001.01.21"]
[Round "7"]
[White "Van Wely, Loek"]
[Black "Piket, Jeroen"]
[Result "1-0"]
[WhiteElo "2700"]
[BlackElo "2632"]
[Annotator "Wells,P"]
[PlyCount "159"]
[EventDate "2001.01.13"]
[EventType "tourn"]
[EventRounds "13"]
[EventCountry "NED"]
[EventCategory "19"]
[SourceTitle "CBM 081"]
[Source "ChessBase"]
[SourceDate "2001.03.20"]
[SourceVersion "1"]
[SourceVersionDate "2001.03.20"]
[SourceQuality "1"]

1. d4 Nf6 2. c4 e6 3. Nf3 Bb4+ 4. Bd2 a5 5. g3 d5 6. Bg2 dxc4 7. Qc2 Nc6 8.
Qxc4 Qd5 9. Qxd5 exd5 10. Nc3 Bg4 11. e3 O-O 12. h3 Bf5 13. g4 Bxc3 14. bxc3
Bd3 ({Might} 14... Be4 $5 {have been considered. It seems odd to occupy this
square other than with the knight, but at least it might be harder for white
to organise and keep his bishop pair in tact. Of course the text is not easy
to resist. Black prevents castling, keeps ...Ne4 ideas, and looks well on the
way to a light-square party. Indeed, I guess the real mistake comes on the
next move.}) 15. Ng1 $1 {[%cal Yf2f3,Yg1e2,Ye2f4][%mdl 32] Great stuff! White
declares a fight back on the key light squares. He prepares f3 to cover the e4
square, while the re-routing of the knight via e2 is surprisingly rich in
prospects.} b5 $6 {A highly commital strategy. I suspect black had in mind the
full plan which he is able to carry through, but after winning material the
huge gash which he has caused in his own structure will come back to haunt him.
} (15... Ne4 $5 16. Ne2 Bc4 17. f3 Nxd2 18. Kxd2 {looks about equal.}) (15...
a4 {[%cal Gc6a5] has some point too.}) 16. Ne2 Rfb8 17. f3 b4 18. Kf2 b3 19.
Nc1 $1 {[%mdl 512] Very cool. The best measure of the bishop pair here is that
it will prove more than a match for black's rook and knight. The alternative} (
19. axb3 Rxb3 20. Nf4 Rb2 21. Ke1 Bc4 {would allow black quite unnecessary
activity.}) 19... b2 20. Nxd3 bxa1=Q 21. Rxa1 a4 22. e4 h6 23. h4 Na5 24. g5 {
and I like white who has excellent minor pieces and a bundle of central
squares.} hxg5 25. hxg5 Nh5 26. exd5 Nc4 27. Bc1 a3 28. Nb4 $16 {[%cal Yb4c6]}
Re8 29. Bf1 Nb2 30. Bd2 g6 31. Bb5 Reb8 32. c4 Rb6 33. Re1 Kf8 34. Kg2 Rab8 35.
Nc6 Rxb5 36. cxb5 Rxb5 37. Bb4+ Kg7 38. Bxa3 Nc4 39. Bc1 Rxd5 40. Re7 Rb5 41.
Rxc7 Rb1 42. Ne5 Rxc1 43. Rxc4 Nf4+ 44. Kh2 Rd1 45. Rc7 Rxd4 46. Rxf7+ Kg8 47.
a3 Rd2+ 48. Kg3 Nh5+ 49. Kh3 Rd5 50. Re7 Ra5 51. Nxg6 Rxg5 52. Kh4 Ra5 53. Re3
Nf6 54. Ne7+ Kg7 55. Nc6 Rh5+ 56. Kg3 Rc5 57. Ne5 Nd5 58. Rd3 Ra5 59. Nc6 Rc5
60. Nd8 Nc7 61. Nb7 Rc1 62. a4 Kf6 63. a5 Ke5 64. Rd7 Ne6 65. Nd8 Nf4 66. a6
Rg1+ 67. Kf2 Rg2+ 68. Kf1 Ra2 69. a7 Nd5 70. Nc6+ Ke6 71. Rd8 Nc7 72. Nd4+ Ke5
73. Nb5 Kf4 74. Rf8+ Kg3 75. Nxc7 Rxa7 76. Nb5 Ra2 77. Nd4 Rf2+ 78. Ke1 Ra2 79.
Rg8+ Kf4 80. Rg4+ 1-0

[Event "FRA-chT"]
[Site "France"]
[Date "2001.05.01"]
[Round "11.2"]
[White "Dorfman, Josif D"]
[Black "Winants, Luc"]
[Result "1/2-1/2"]
[WhiteElo "2602"]
[BlackElo "2515"]
[Annotator "Winants,L"]
[PlyCount "139"]
[EventDate "2001.02.02"]
[EventType "team"]
[EventRounds "11"]
[EventCountry "FRA"]
[SourceTitle "CBM 083"]
[Source "ChessBase"]
[SourceDate "2001.07.05"]
[SourceVersion "1"]
[SourceVersionDate "2001.07.05"]
[SourceQuality "1"]
[WhiteTeam "Echiquier Nicois"]
[BlackTeam "Cappelle la Grande"]
[WhiteTeamCountry "FRA"]
[BlackTeamCountry "FRA"]

1. d4 Nf6 2. c4 e6 3. Nf3 Bb4+ 4. Bd2 a5 5. g3 d6 6. Bg2 Nbd7 7. O-O e5 8. Bc1
exd4 9. Nxd4 O-O 10. Nc2 Bc5 11. Nc3 a4 12. Be3 $1 {Elimine la meilleure pièce
des Noirs.} Re8 13. b3 {[%csl Yc8,Gg2] Entame les hostilités а l'aile-Dame. Il
suffirait de comparer les Bg2 et Bc8 pour démontrer l'avantage des Blancs.}
axb3 14. axb3 Rxa1 15. Qxa1 Bxe3 16. Nxe3 Nc5 17. b4 Nce4 18. Nxe4 Nxe4 19. Qd4
Nf6 (19... Qf6 20. Qxf6 Nxf6 21. Ra1 Kf8 22. Ra7 c6 23. b5 $16) 20. Ra1 b6 21.
Ra8 c5 (21... Qe7 22. Ra7 $16) 22. Qd2 cxb4 (22... Qe7 23. b5 $16) 23. Bb7 (23.
Nf5 b3 24. Bh3 Qc7 25. Nxd6 b2 26. Qxb2 Qxd6 27. Rxc8 Rxc8 28. Bxc8 $16) (23.
Bh3 Qc7 24. Rxc8 Rxc8 25. Bxc8 Qxc8 26. Qxd6 $16) 23... Qc7 24. Rxc8 (24. Bxc8
$16) 24... Qxb7 $1 (24... Rxc8 25. Bxc8 Qxc8 26. Qxd6) 25. Rxe8+ Nxe8 26. Qxb4
Qa6 27. Nd5 Qa1+ 28. Kg2 Qd4 {Les Noirs commencent а avoir de bonnes chances
de nullité. Leur plan consiste а échanger les Cavaliers, puis les pions b6 et
d6 contre c4.} 29. e3 Qe4+ 30. Kg1 h5 31. h4 Kh7 32. Qb5 {Le pion b6 ne peut
être sauvé et sera donc pris ultérieurement.} ({Si} 32. Nxb6 Nf6 {Vers e4 ou
g4.} 33. Qxd6 (33. Nc8 $142) 33... Qb1+ 34. Kg2 (34. Kh2 Qf1) 34... Qe4+ 35.
Kf1 Qb1+ 36. Ke2 Qb2+ 37. Kf3 Ng4) 32... Kg8 33. Qd7 Kf8 34. Kh2 (34. Qd8 b5)
34... g6 35. Qb5 Qc2 36. Kg1 Qd1+ 37. Kg2 Qc2 38. Qb4 Kg8 39. Kg1 Qd1+ 40. Kh2
Qe2 41. Kg2 Qc2 42. Qb5 Kf8 43. Nxb6 {Enfin !} Nf6 44. Nd7+ Nxd7 45. Qxd7 Qxc4
46. Qxd6+ Kg8 {Cette finale doit s'achever sur une nullité : Même Capablanca
n'est pas arrivé а la gagner !} 47. Qd8+ Kh7 48. Qd4 Qc7 49. e4 Kg8 50. Kf3 Qc1
51. e5 Qb1 52. Kg2 Qb7+ 53. Kh2 Qf3 54. Qf4 Qd5 55. Qf6 Qe4 56. Qd6 Kg7 57. Qc5
Kg8 58. Qc3 Kh7 59. Qe3 Qd5 60. Qe2 Kg8 61. f3 Kg7 62. Kg2 Kg8 63. Qe4 Qd2+ (
63... Qxe4 $4 {Quelques Grands Maîtres s'y sont laissés prendre !} 64. fxe4 Kf8
65. Kf3 Ke7 66. Ke3 Kd7 67. Kd3 Ke6 (67... Ke7 68. Kc4) 68. Kd4 Kd7 (68... Ke7
69. Kd5 Kd7 70. e6+ fxe6+ 71. Kc5 Kc7 72. e5 $18) 69. Kd5 Ke7 70. e6 f6 (70...
fxe6+ 71. Kc6 Kf6 72. Kd6 $18) 71. e5 f5 72. Kc5 Kxe6 73. Kd4 Ke7 74. Kd5 $18)
64. Kh3 Qd1 65. g4 {Un dernier piège...} hxg4+ (65... Qh1+ 66. Kg3 Qg1+ (66...
hxg4 $142) 67. Kf4 Qh2+ (67... hxg4 $142) 68. Kg5 Qd2+ 69. Qf4 Qd8+ 70. Qf6
Qd2+ 71. f4 $18 {[%cal Rg5h6]}) 66. Kxg4 (66. fxg4 Qf1+ 67. Qg2 (67. Kg3 Qg1+)
67... Qe1 $11) 66... Qg1+ 67. Kf4 Kg7 68. Qe2 Qd4+ 69. Qe4 Qf2 70. Kg4 (70. Kg4
Qg2+ 71. Kf4 Qf2 $11) 1/2-1/2